Ajax players since 2000 - Statistics

General Stats
  • This quiz has been taken 100 times
    61 since last reset
  • The average score is 91 of 278
Answer Stats
Ranking Player Positions Nationality Matches Goals Assists Periods % Correct
78 Frenkie de Jong DF, MF 57 3 3 2016-2019
98%
9 Dušan Tadić MF, FW 161 77 80 2018-2023
96%
5 Siem de Jong MF, FW 193 0 0 2007-2013, 2017-2018, 2019-2020
96%
13 André Onana GK 148 0 0 2016-2022
94%
38 Nigel de Jong MF 96 0 0 2002-2006
94%
56 Zlatan Ibrahimović FW 74 0 0 2001-2005
94%
2 Daley Blind DF, MF 226 7 10 2008-2009, 2010-2014, 2018-2023
91%
18 Donny van de Beek MF, FW 118 17 15 2015-2020
91%
26 Hakim Ziyech MF, FW 112 22 26 2016-2020
91%
52 Matthijs de Ligt DF 77 3 1 2016-2019
91%
23 Nicolás Tagliafico DF 115 8 13 2017-2022
89%
7 Klaas-Jan Huntelaar FW 177 32 7 2005-2008, 2017-2021
87%
4 Lasse Schöne MF 201 5 5 2012-2019
87%
3 Maarten Stekelenburg GK 210 0 0 2002-2010, 2020-2022
87%
27 Luis Suárez FW 110 0 0 2007-2011
85%
25 Christian Eriksen MF, FW 113 0 0 2009-2014
83%
17 David Neres MF, FW 121 20 17 2016-2022
83%
1 Davy Klaassen MF 252 38 8 2011-2016, 2020-2025
83%
10 Jan Vertonghen DF 155 0 0 2006-2012
83%
41 Noussair Mazraoui DF 93 6 4 2017-2022
83%
15 Toby Alderweireld DF 128 0 0 2008-2014
83%
29 Steven Berghuis MF, FW 108 24 33 2021-2025
81%
77 Antony MF, FW 57 18 14 2020-2023
79%
21 Brian Brobbey FW 115 45 16 2020-2025
77%
35 Edson Álvarez DF, MF 98 10 6 2019-2023
77%
55 Lisandro Martínez DF, MF 74 6 5 2019-2022
77%
16 Wesley Sneijder MF 126 0 0 2002-2007
77%
80 Bertrand Traoré MF, FW 56 6 5 2016-2017, 2024-2025
74%
153 Lassina Franck Traoré FW 22 9 6 2018-2021
74%
188 Lesly de Sa MF, FW 13 0 0 2012-2014
74%
20 Rafael van der Vaart MF 116 0 0 2000-2005
74%
79 Steven Bergwijn MF, FW 57 24 9 2022-2025
74%
50 Kasper Dolberg FW 78 11 2 2016-2020
72%
74 Remko Pasveer GK 59 0 1 2021-2022, 2024-2025
72%
33 Jasper Cillessen GK 101 0 0 2011-2017
70%
6 Joël Veltman DF 179 1 0 2012-2020
70%
37 Thomas Vermaelen DF 98 0 0 2003-2004, 2005-2009
66%
121 Davinson Sánchez DF 32 0 0 2016-2017
64%
11 John Heitinga DF, MF 154 0 0 2001-2007, 2015-2016
64%
150 Sergiño Dest DF, FW 23 0 4 2019-2021
64%
83 Arkadiusz Milik FW 52 0 0 2014-2016
62%
14 Gregory van der Wiel DF 130 0 0 2006-2013
62%
173 Jorge Eduardo Sánchez DF 17 2 3 2022-2023
62%
89 Sébastien Haller FW 50 32 12 2020-2022
62%
40 Steven Pienaar MF 94 0 0 2001-2006
62%
147 Wout Weghorst FW 24 10 2 2024-2025
62%
109 Jordan Henderson MF 37 1 7 2023-2025
60%
46 Cristian Chivu DF 84 0 0 2000-2003
57%
31 Kenneth Vermeer GK 103 0 0 2008-2015
57%
60 Amin Younes MF, FW 69 0 0 2015-2018
55%
84 Josip Šutalo DF 52 3 0 2023-2025
55%
45 Jurriën Timber DF 85 6 4 2019-2023
55%
22 Kenneth Taylor MF, FW 115 23 17 2020-2025
55%
64 Mohammed Kudus MF, FW 65 17 8 2020-2024
55%
54 Jorrel Hato DF 75 3 8 2022-2025
51%
53 Niklas Moisander DF 77 0 0 2012-2015
51%
88 Anton Gaaei DF, MF 50 4 6 2023-2025
49%
95 Mika Godts MF, FW 45 4 5 2022-2025
49%
39 Ryan Babel MF, FW 94 0 0 2003-2006, 2012-2013, 2019-2020
49%
42 Thulani Serero MF, FW 88 0 0 2011-2016
49%
141 Calvin Bassey DF 25 1 3 2022-2023
47%
100 Chuba Akpom MF, FW 41 14 4 2023-2025
47%
36 Eyong Enoh MF 98 0 0 2008-2013
47%
139 Gerónimo Rulli GK 26 0 0 2022-2024
47%
97 Justin Kluivert MF, FW 44 0 0 2016-2018
47%
32 Miralem Sulejmani MF, FW 103 0 0 2008-2013
47%
47 Nick Viergever DF 84 0 0 2014-2018
47%
49 Viktor Fischer MF, FW 79 0 0 2012-2016
47%
161 Jari Litmanen MF, FW 20 0 0 2002-2004
45%
124 Kenny Tete DF, MF 31 0 0 2014-2017
45%
131 Maximilian Wöber DF 30 0 0 2017-2019
45%
122 Owen Wijndal DF 32 0 2 2022-2025
45%
28 Vurnon Anita DF, MF 109 0 0 2005-2006, 2008-2013
45%
177 Borna Sosa DF, MF, FW 16 0 4 2023-2024
43%
82 Christian Poulsen MF 54 0 0 2012-2014
43%
30 Devyne Rensch DF 105 10 8 2020-2025
43%
48 Kolbeinn Sigþórsson FW 80 0 0 2011-2015
43%
106 Quincy Promes DF, MF, FW 39 18 4 2019-2021
43%
57 Ryan Gravenberch MF 72 7 11 2018-2022
43%
201 Abdelhak Nouri MF 9 0 0 2016-2017
40%
136 Benjamin Tahirovic MF 27 2 4 2023-2025
40%
24 Maxwell DF 114 0 0 2001-2005
40%
135 Youri Baas DF, MF 29 1 0 2022-2023, 2024-2025
40%
90 Bogdan Lobonț GK 49 0 0 2000-2001, 2002-2005
38%
251 Diederik Boer GK 2 0 0 2014-2016
38%
195 Jorthy Mokio DF, MF 11 1 0 2024-2025
38%
69 Perr Schuurs DF 62 2 1 2018-2023
38%
12 Tomáš Galásek MF 154 0 0 2000-2006
38%
117 Branco van den Boomen MF 33 2 1 2023-2025
36%
65 Daley Sinkgraven DF, MF, FW 63 0 0 2014-2019
36%
123 Jaap Stam DF 31 0 0 2006-2008
36%
125 Kian Fitz-Jim MF 31 2 1 2022-2025
36%
234 Lisandro Magallán DF 4 0 0 2018-2019, 2022-2023
36%
207 Noa Lang MF, FW 9 3 1 2018-2021
36%
199 Răzvan Marin MF 10 0 0 2019-2020
36%
19 Ricardo van Rhijn DF 117 0 0 2011-2016
36%
8 Urby Emanuelson DF, MF, FW 172 0 0 2004-2011
36%
165 Ahmetcan Kaplan DF 19 0 1 2023-2025
34%
43 Andy van der Meyde MF, FW 86 0 0 2000-2003
34%
58 Anwar El Ghazi MF, FW 70 0 0 2014-2017
34%
152 Carlos Forbs MF, FW 22 2 3 2023-2025
34%
181 Daniele Rugani DF 15 0 0 2024-2025
34%
148 Diant Ramaj GK 23 0 0 2023-2025
34%
44 Gabri García DF, MF 86 0 0 2006-2010
34%
34 Hatem Trabelsi DF 99 0 0 2001-2006
34%
231 Heiko Westermann DF, MF 4 0 0 2016-2017
34%
67 Jaïro Riedewald DF, MF 63 0 0 2013-2017
34%
133 Kristian Nökkvi Hlynsson MF 29 8 1 2023-2025
34%
228 Lucas Oliveira Rosa DF 5 0 1 2024-2025
34%
94 Mido FW 45 0 0 2001-2002, 2010-2011
34%
140 Mounir El Hamdaoui MF, FW 26 0 0 2010-2011
34%
104 Nemanja Gudelj DF, MF 40 0 0 2015-2017
34%
86 Nicolai Boilesen DF 52 0 0 2010-2011, 2013-2015
34%
240 Stefano Seedorf MF 4 0 0 2002-2003
34%
126 Theo Janssen MF 31 0 0 2011-2013
34%
128 Angelos Charisteas FW 30 0 0 2004-2006
32%
73 Demy de Zeeuw MF 59 0 0 2009-2011
32%
167 Francisco Conceição MF, FW 19 0 3 2022-2023
32%
185 Lorenzo Lucca FW 14 2 1 2022-2023
32%
144 Marko Pantelić FW 25 0 0 2009-2010
32%
163 Rasmus Kristensen DF 20 0 2 2017-2019
32%
273 Rayane Bounida FW 1 0 0 2024-2025
32%
180 Václav Černý MF, FW 16 0 0 2015-2018
32%
145 Bojan Krkić MF, FW 24 0 0 2013-2014
30%
70 Dennis Rommedahl MF, FW 61 0 0 2007-2010
30%
142 Edgar Davids MF 25 0 0 2006-2008
30%
221 Georges Mikautadze FW 6 0 0 2023-2024
30%
204 Jay Gorter GK 9 0 0 2021-2022, 2023-2024
30%
196 Oliver Edvardsen MF, FW 11 4 0 2024-2025
30%
87 Riechedly Bazoer DF, MF 51 0 0 2014-2017
30%
183 Sivert Mannsverk MF 15 0 0 2023-2025
30%
225 Dies Janse DF 5 0 0 2024-2025
28%
248 Kostas Lamprou GK 3 0 0 2017-2019
28%
134 Shota Arveladze FW 29 0 0 2000-2002
28%
108 Zakaria Labyad MF, FW 38 7 8 2018-2022
28%
159 Bruno Silva DF 20 0 0 2007-2009
26%
190 Christian Rasmussen FW 12 1 0 2022-2023, 2024-2025
26%
224 Dani de Wit MF, FW 5 0 0 2017-2019
26%
93 Derk Boerrigter MF, FW 47 0 0 2011-2013
26%
119 Ricardo Kishna MF, FW 33 0 0 2013-2015
26%
182 Sean Klaiber DF, MF 15 0 3 2020-2021
26%
174 Tobias Sana MF, FW 17 0 0 2012-2014
26%
51 Zdeněk Grygera DF 78 0 0 2003-2007
26%
151 André Ooijer DF 22 0 0 2010-2012
23%
264 Bruno Varela GK 1 0 0 2019-2020
23%
184 Danilo FW 14 2 1 2019-2020, 2021-2022
23%
166 Dmitri Bulykin FW 19 0 0 2011-2012
23%
222 Jakov Medić DF 6 1 0 2023-2024
23%
143 Jurgen Ekkelenkamp MF, FW 25 4 3 2017-2021
23%
75 Petri Pasanen DF 58 0 0 2000-2004
23%
217 Richairo Živković FW 7 0 0 2014-2015
23%
200 Youri Regeer DF, MF 10 1 1 2021-2022, 2024-2025
23%
171 Carel Eiting MF 17 0 1 2017-2020
21%
226 Gastón Ávila DF 5 0 0 2023-2024
21%
137 Hans Vonk GK 27 0 0 2004-2006
21%
247 Jeroen Verhoeven GK 3 0 0 2010-2011
21%
71 Julien Escudé DF 61 0 0 2003-2006
21%
256 Kaj Sierhuis MF, FW 2 0 0 2018-2019
21%
110 Lucas Andersen MF, FW 37 0 0 2012-2015
21%
235 Lucas Ocampos MF, FW 4 0 0 2022-2023
21%
157 Mateo Cassierra FW 21 0 0 2016-2018
21%
118 Mike van der Hoorn DF 33 0 0 2013-2016
21%
158 Nicolás Lodeiro MF, FW 21 0 0 2009-2010, 2011-2012
21%
91 Nikos Machlas MF, FW 49 0 0 2000-2002
21%
241 Tom Sier DF 4 0 0 2000-2001
21%
262 Victor Jensen MF, FW 2 0 0 2020-2022
21%
120 Danny Hoesen FW 32 0 0 2012-2014
19%
198 Florian Grillitsch DF, MF 10 0 0 2022-2023
19%
59 Hedwiges Maduro DF, MF 70 0 0 2004-2008
19%
99 Kenneth Pérez MF, FW 43 0 0 2006-2008
19%
271 Luis Manuel Orejuela DF 1 0 0 2017-2018
19%
81 Mitchell Dijks DF 56 0 0 2012-2013, 2015-2018
19%
112 Oleguer Presas DF 36 0 0 2008-2011
19%
276 Sean Steur MF 1 0 0 2024-2025
19%
62 Wamberto MF, FW 68 0 0 2000-2004
19%
116 Wesley Sonck FW 34 0 0 2003-2005
19%
218 Christopher Kanu DF 6 0 0 2000-2001
17%
66 Fred Grim GK 63 0 0 2000-2002
17%
101 Ismaïl Aissati MF 41 0 0 2008-2012
17%
103 Markus Rosenberg FW 40 0 0 2005-2007
17%
205 Matheus GK 9 0 1 2024-2025
17%
68 Mauro Rosales MF, FW 63 0 0 2004-2007
17%
61 Nourdin Boukhari MF 69 0 0 2002-2003, 2004-2006
17%
277 Sontje Hansen MF, FW 1 0 0 2019-2020
17%
250 Yaya Sanogo FW 3 0 0 2015-2016
17%
72 Abubakari Yakubu MF 60 0 0 2000-2004
15%
229 Amourrichio Van Axel Dongen FW 4 0 0 2021-2022, 2023-2024
15%
63 André Bergdølmo DF 66 0 0 2000-2003
15%
138 Aras Özbiliz MF, FW 26 0 0 2010-2012
15%
202 Ar'jany Martha DF, MF 9 0 1 2023-2024
15%
130 Darío Cvitanich FW 30 0 0 2008-2011
15%
242 Dennis Johnsen MF, FW 3 0 0 2017-2019
15%
245 Isaac Cuenca MF, FW 3 0 0 2012-2013
15%
146 Jody Lukoki MF, FW 24 0 0 2010-2013
15%
92 John O'Brien DF, MF 48 0 0 2000-2005
15%
257 Kjell Scherpen GK 2 0 0 2020-2021
15%
192 Mohammed Daramy MF, FW 12 1 3 2021-2022
15%
206 Niki Zimling MF 9 0 0 2014-2015
15%
76 Rasmus Lindgren DF, MF 58 0 0 2004-2005, 2007-2011
15%
259 Robert Murić MF, FW 2 0 0 2015-2016
15%
189 Silvano Vos MF 13 0 0 2022-2024
15%
155 Stefano Denswil DF 22 0 0 2012-2015
15%
176 Albert Luque MF, FW 16 0 0 2007-2008
13%
219 Deyovaisio Zeefuik DF, FW 6 0 0 2016-2018
13%
243 Don-Angelo Konadu FW 3 0 1 2024-2025
13%
203 Edgar Manucharyan MF, FW 9 0 0 2005-2007
13%
96 George Ogăraru DF 44 0 0 2006-2008
13%
246 Ismael Urzaiz FW 3 0 0 2007-2008
13%
187 Jan van Halst MF 13 0 0 2001-2002
13%
255 Javier Martina FW 2 0 0 2008-2009
13%
162 Jeffrey Sarpong MF 20 0 0 2005-2006, 2007-2009
13%
178 Joey Didulica GK 16 0 0 2001-2003
13%
179 Juanfran DF 16 0 0 2005-2006
13%
211 Julian Rijkhoff FW 8 0 0 2023-2024
13%
212 Mitchell Donald MF 8 0 0 2007-2008, 2009-2010
13%
154 Robbert Schilder DF, MF 22 0 0 2005-2006, 2007-2009
13%
193 Ruben Ligeon DF, MF 12 0 0 2011-2015
13%
102 Tim de Cler DF 41 0 0 2000-2002
13%
113 Tom De Mul MF, FW 36 0 0 2003-2004, 2006-2007
13%
208 Tristan Gooijer DF, MF 9 0 1 2023-2024
13%
127 Yannis Anastasiou FW 31 0 0 2003-2006
13%
114 Cedric van der Gun MF, FW 35 0 0 2000-2002
11%
215 Dennis Gentenaar GK 7 0 0 2006-2008
11%
194 Evander Sno MF 11 0 0 2008-2009
11%
230 Florian Jozefzoon MF, FW 4 0 0 2010-2011
11%
223 Jaydon Amauri Banel FW 6 0 1 2023-2025
11%
115 Kennedy Bakircioglü MF 35 0 0 2007-2010
11%
107 Lorenzo Ebecilio MF, FW 38 0 0 2010-2012
11%
237 Michael Krohn-Dehli MF, FW 4 0 0 2006-2008
11%
85 Nicolae Mitea MF, FW 52 0 0 2003-2004, 2006-2007
11%
216 Oussama Idrissi MF, FW 7 0 0 2020-2021
11%
149 Pius Ikedia MF 23 0 0 2000-2002
11%
168 Rob Wielaert DF 19 0 0 2008-2010
11%
261 Teemu Tainio MF 2 0 0 2010-2011
11%
278 Timothée Atouba DF 1 0 0 2009-2010
11%
156 Anthony Obodai MF 21 0 0 2003-2005
9%
186 Daniel Cruz MF 13 0 0 2000-2001
9%
210 Dico Koppers DF, MF 8 0 0 2011-2012
9%
252 Fabian Sporkslede DF 2 0 0 2012-2013
9%
267 Ilan Boccara MF 1 0 0 2012-2013
9%
172 Jelle Van Damme DF, MF 17 0 0 2002-2004
9%
227 Jesper Grønkjær MF, FW 5 0 0 2000-2001
9%
270 Kwame Quansah MF 1 0 0 2000-2001
9%
233 Laurent Delorge DF, MF 4 0 0 2007-2008
9%
105 Leonardo MF, FW 39 0 0 2006-2009
9%
169 Lerin Duarte MF, FW 18 0 0 2013-2015
9%
238 Michael Timisela DF, MF 4 0 0 2005-2006
9%
132 Olaf Lindenbergh MF 30 0 0 2005-2007
9%
272 Pelle Clement MF, FW 1 0 0 2016-2017
9%
249 Queensy Menig MF, FW 3 0 0 2014-2015
9%
274 Roly Bonevacia MF 1 0 0 2010-2011
9%
260 Samuel Kuffour DF 2 0 0 2007-2008
9%
239 Stanley Aborah MF 4 0 0 2004-2005
9%
175 Tom Soetaers MF 17 0 0 2003-2004
9%
98 Victor Sikora MF, FW 44 0 0 2002-2004
9%
214 Anass Salah-Eddine DF, MF 7 0 1 2021-2022, 2023-2024
6%
170 Aron Winter MF 17 0 0 2000-2001
6%
129 Daniël de Ridder MF, FW 30 0 0 2003-2005
6%
220 Emmanuel Boakye DF, MF 6 0 0 2005-2006
6%
160 Ferdi Vierklau DF 20 0 0 2000-2002
6%
254 Jan-Arie van der Heijden DF, MF 2 0 0 2007-2008
6%
236 Marvin Zeegelaar DF, FW 4 0 0 2009-2011
6%
111 Richard Witschge MF 37 0 0 2000-2001, 2002-2003
6%
197 Roger MF 11 0 0 2006-2007
6%
263 Azor Matusiwa MF 1 0 0 2017-2018
4%
209 Brutil Hosé FW 8 0 0 2000-2001
4%
265 Darko Bodul FW 1 0 0 2008-2009
4%
266 Geoffrey Castillion FW 1 0 0 2010-2011
4%
253 Henk Timmer GK 2 0 0 2002-2003
4%
268 Jamal Akachar MF, FW 1 0 0 2002-2003
4%
191 Jürgen Colin DF 12 0 0 2007-2008
4%
232 Kevin Bobson FW 4 0 0 2000-2001
4%
269 Kiran Bechan MF 1 0 0 2000-2001
4%
258 Liam van Gelderen DF, MF 2 0 0 2021-2022
4%
164 Richard Knopper MF 20 0 0 2000-2002
4%
275 Sam Hendriks MF, FW 1 0 0 2015-2016
4%
213 Youssouf Hersi MF 8 0 0 2000-2001
4%
244 Hyun Young-min DF, MF 3 0 0 2009-2010
2%
No matching quizzes found
Score Distribution
Percent of People with Each Score
Percentile by Number Answered
Your Score History
You have not taken this quiz since the last reset